Foundational Principles of South African Law / (Record no. 1013)

MARC details
000 -LEADER
fixed length control field 00576nam a22001817a 4500
005 - DATE AND TIME OF INPUT
control field 20231128130906.0
008 - DATA ELEMENTS--GENERAL INFORMATION
fixed length control field 231128b |||||||| |||| 00| 0 eng d
020 ## - INTERNATIONAL STANDARD BOOK NUMBER
International Standard Book Number 9780409020274
041 ## - LANGUAGE CODE
Language code of text English
082 ## - SHELF NUMBER
DDC number 344.4 CAR
100 ## - MAIN AUTHOR
Main author's name Cartens, P and Pearmain, D
Language of a work English
245 ## - TITLE STATEMENT
Title Foundational Principles of South African Law /
Statement of responsibility, etc. P Cartens and D Pearmain
250 ## - EDITION STATEMENT
Edition statement First Edition
260 ## - PUBLICATION, DISTRIBUTION, ETC.
Place of publication, distribution, etc. Durban :
Name of publisher, distributor, etc. LexisNexis,
Date of publication, distribution, etc. 2007
300 ## - PHYSICAL DESCRIPTION
Other physical details xxvii, 1112 pages ;
Dimensions 25 cm.
650 ## - SUBJECT`
Broad subject Legal practice
Own subject terms Law
942 ## - ADDED ENTRY ELEMENTS (KOHA)
Item type Books
942 ## - ADDED ENTRY ELEMENTS (KOHA)
-- ALISON_BN_VRIES
Holdings
Source of classification or shelving scheme Not for loan Collection code Home library Current library Shelving location Date acquired Full call number Barcode Price effective from Koha item type
Dewey Decimal Classification   TEXT BOOKS LAW SOCIETY OF NAMIBIA LIBRARY - WINDHOEK LAW SOCIETY OF NAMIBIA LIBRARY - WINDHOEK Medical law 11/28/2023 344.4 CAR LSN/2007/37 11/28/2023 Books